|
|
|
|
| LEADER |
00000nas a2200000 a 4500 |
| 001 |
ssj0002741 |
| 003 |
WaSeSS |
| 005 |
20200512172242.0 |
| 006 |
m d |
| 007 |
cr n |
| 008 |
900614c19909999inumr p s 0 a0eng c |
| 010 |
|
|
|a sn 90002550
|z sn 92028598
|
| 022 |
|
|
|l 1051-094X
|y 1051-094X
|
| 032 |
|
|
|a 003681
|b USPS
|
| 035 |
|
|
|a (WaSeSS)ssj0002741
|
| 037 |
|
|
|b Michiana Business Publications, Inc., 2410 Coliseum Blvd. N., Suite 100, Fort Wayne, IN 46805
|
| 040 |
|
|
|a NSD
|b eng
|c NSD
|d NST
|d IUL
|d NSD
|d OCL
|d DLC
|d IUL
|d OCLCQ
|d OCLCF
|d OCLCO
|d NPI
|d WaSeSS
|
| 042 |
|
|
|a nsdp
|a pcc
|
| 050 |
1 |
4 |
|a HF3163.F7
|b B87
|
| 082 |
1 |
0 |
|a 650
|2 11
|
| 130 |
0 |
|
|a Business people (Fort Wayne, Ind.)
|
| 210 |
0 |
|
|a Bus. people
|b (Fort Wayne Ind.)
|
| 222 |
|
0 |
|a Business people
|b (Fort Wayne, Ind.)
|
| 245 |
1 |
0 |
|a Business people
|h [electronic resource].
|
| 246 |
1 |
3 |
|a Business people magazine
|
| 246 |
1 |
3 |
|a Business people of Greater Fort Wayne
|
| 260 |
|
|
|a Fort Wayne, IN :
|b Michiana Business Publications, Inc.,
|c c1990-
|
| 310 |
|
|
|a Monthly
|
| 362 |
0 |
|
|a Apr. 1990-
|
| 500 |
|
|
|a Title from cover.
|
| 500 |
|
|
|a At head of title: Greater Fort Wayne.
|
| 506 |
|
|
|a License restrictions may limit access.
|
| 515 |
|
|
|a Issue for Apr. 1990 lacks enumeration, but constitutes v. 3, no. 3; issues for Dec. 1993 and Jan. 1994 called v. 6, no. 10 and no. 11, but constitutes v. 6, no. 11 and no. 12 repectively; issues for May and June 1995 both called v. 8, no. 5; issue for June 1997 called v. 10, no. 3, but constitute v. 10, no. 5; issue for Oct. 1997 called v. 10, no. 3, but constitutes v. 10, no. 9; issue for Sept. 2003 called v. 16, no. 7, but constitutes v. 16, no. 8; issue for July 2006 called v. 19, no. 5, but constitutes v. 19, no. 6; issue for Apr. 2007 called v. 20, no. 2, but constitutes v. 20, no. 3.
|
| 525 |
|
|
|a Supplements accompany some issues.
|
| 650 |
|
0 |
|a Businesspeople
|z Indiana
|z Fort Wayne
|v Periodicals.
|
| 650 |
|
0 |
|a Businesswomen
|z Indiana
|z Fort Wayne
|v Periodicals.
|
| 650 |
|
7 |
|a Businesspeople.
|2 fast
|0 (OCoLC)fst00842980
|
| 650 |
|
7 |
|a Businesswomen.
|2 fast
|0 (OCoLC)fst00843013
|
| 650 |
|
7 |
|a Commerce.
|2 fast
|0 (OCoLC)fst00869279
|
| 651 |
|
0 |
|a Fort Wayne (Ind.)
|x Commerce
|v Periodicals.
|
| 651 |
|
7 |
|a Indiana
|z Fort Wayne.
|2 fast
|0 (OCoLC)fst01204891
|
| 655 |
|
0 |
|a Electronic journals.
|
| 770 |
0 |
|
|t Business information guide, Fort Wayne, Indiana
|w (DLC)sn 99034440
|w (OCoLC)41930006
|
| 780 |
0 |
0 |
|t Business digest (Fort Wayne, Ind.)
|w (DLC)sn 92028597
|w (OCoLC)26781859
|
| 850 |
|
|
|a In
|a InU
|
| 856 |
4 |
0 |
|z Full text available from Research Library: 01/01/2016 to present
|u https://search.proquest.com/publication/31849
|